Распоряжение ГКО СССР № 7580 о внесении изменений в план перевозок на февраль 1945 г. по Сталинской и Южно-Донецкой железным дор...

Доступно только в Электронных читальных залах Найти на картеНа карте
RUSMARC
00005557cbm0a2200349#x 450
00126b9322e-598f-4fc2-ac54-d9cef7bcc5ff
00520260528105828.0
100##$a20260527j19450223k###0rusy50 ca
1010#$arus
102##$aRU
105##$ay###z########
1220#$ad19450223##
2001#$aРаспоряжение ГКО СССР № 7580 о внесении изменений в план перевозок на февраль 1945 г. по Сталинской и Южно-Донецкой железным дорогам
$j23 февраля 1945 г.
251##$cДокумент
300##$aРассылочный и подлинный экземпляры
461#0$12001
$aФ. 644
$1251
$cФонд
$1852
$j644
462#0$12001
$aОп. 1
$1251
$cОпись
$1852
$j1
60101$2nlr_sh
$3RU\NLR\AUTH\6601614128
$aСССР
$bГосударственный Комитет Обороны
$xИстория
$z1941 - 1945
$jДокументы и материалы
605##$2prlib_sh
$3LIBNET\UAF\0000088514
$aВторая мировая война в архивных документах (Комплекс оцифрованных архивных документов, кино- и фотоматериалов)
$lколлекция
605##$2acquisition_Prlib
$3DITM\AF\0000002775
$aВласть
$lколлекция
6061#$2nlr_sh
$3RU\NLR\AUTH\661280795
$aВеликая Отечественная война
$z1941 - 1945
$xТыл(воен.)
$jДокументы и материалы
6061#$2nlr_sh
$3RU\NLR\AUTH\66199215
$aЖелезные дороги
$xИстория
$yСССР
$jДокументы и материалы
6061#$2nlr_sh1
$3RU\NLR\AUTH\661165685
$aЧерные металлы
$xЖелезнодорожные перевозки
$xОптимизация
$jДокументы и материалы
686##$a63.3(2)622-2ю1
$vLBC/M
$2rubbk
686##$a65.03(2)622ю1
$vLBC/M
$2rubbk
686##$a65.305.22-03ю1
$vLBC/M
$2rubbk
686##$a65.372-03ю1
$vLBC/M
$2rubbk
801#0$aRU
$bПБ им. Б.Н. Ельцина
$c20260527
801#1$aRU
$bПБ им. Б.Н. Ельцина
$c20260527
$2rusmarc
801#2$aRU
$bПБ им. Б.Н. Ельцина
$c20260528
$2rusmarc
850##$aРоссийский государственный архив социально-политической истории
852##$aРГАСПИ
$jД. 373. Л. 31-31об.; Оп. 2. Д. 454. Л. 13-13об.
035##$aLIBNET\0001552020
937##$d200103873
$hФедеральное архивное агентство
8564#$uhttp://readingroom.main.prlib.ru/item.aspx?id_node=n200103873&mode=full
Формат отображения